Géographie du Monde de Game of Thrones - Statistiques

Statistiques générales
  • Ce quiz a été pris 228 fois
  • Le résultat moyen est 18 sur 25
Statistiques - réponses
Hint Réponse % Correct
Il sépare le Nord des terres des sauvageons Le Mur
89%
Fief de la Maison Stark dans le Nord Winterfell
89%
Continent où déroule la plus grande partie de l'histoire. Il se compose du royaume des Sept Couronnes Westeros
88%
Les Lannister y sont originaires Castral Roc
87%
Capitale du royaume des Sept Couronnes Port-Réal
87%
Baie qui borde la capitale La Baie de la Néra
83%
Région la plus au Sud du royaume des Sept Couronnes Dorne
81%
Siège de la maison Tyrell, situé dans les plaines du Bief Hautjardin
81%
Archipel situé au large du Conflant et des Terres de l'Ouest Les îles de Fer
77%
La Maison Mormont y est établie L'île aux Ours
77%
Les villes de Meereen, Yunkaï et Astapor se situent aux bords de cette baie La Baie des Serfs
76%
Nom du Château de la Maison Arryn situé dans le Val d'Arryn Les Eyrié
76%
Cité libre d'Essos, connue pour son "Titan" Braavos
73%
Chaîne montagneuse vaste et élevée de la région du Val d'Arryn Les Montagnes de la Lune
73%
Un des plus grands châteaux du Royaume situé au Nord de l'île aux Faces. Il fut ravagé par les flammes de Balerion Harrenhal
68%
Immense plaine herbeuse dans laquelle vit un peuple nomade La Mer Dothrak
65%
Deuxième plus grand ville du royaume des Sept Couronnes, on y trouve la Citadelle des Mestres Villevieille
64%
Chaîne de Montagne séparant Dorne, Le Bief et les Terres de l'Orage Les Montagnes Rouges
63%
Il relie la mer d'Été à la mer Grelotte et sépare Westeros et Essos Le Détroit
61%
Ville située dans la partie centrale d'Essos, au sud-est, en bordure du désert rouge. Elle est considérée comme l'une des villes les plus riches du Monde connu Qarth
60%
Mer qui entoure les îles qui forment les vestiges de l'ancienne Valyria La Mer Fumeuse
58%
Mer s'étendant du sud de Westeros à l'ouest, jusqu'à la Mer de Jade à l'est La Mer d'été
57%
Ile située dans la Baie de la Néra. On y trouve une forteresse portant le même nom Peyredragon
54%
Ville portuaire située à l'extrême est du monde connu. Mélisandre "la Femme Rouge" y est originaire Asshaï
50%
Plus ancienne des Cités Libres. On peut y trouver le Long Pont, pont le plus long du Monde connu Volantis
45%
Aucun quiz correspondant
Distribution des résultats
% des personnes avec chaque résultat
Percentile par nombre de réponses
Votre historique - résultats
Vous n’avez pas pris ce quiz